President One (who are you ?) สายธารความสำเร็จแห่งชีวิต (ระเบียนเลขที่ 60207)
| 000 -LEADER | |
|---|---|
| fixed length control field | 01111nam a22002657a 4500 |
| 005 - DATE AND TIME OF LATEST TRANSACTION | |
| control field | 20210325204208.0 |
| 008 - FIXED-LENGTH DATA ELEMENTS--GENERAL INFORMATION | |
| fixed length control field | s2552 th tha d |
| 020 ## - INTERNATIONAL STANDARD BOOK NUMBER | |
| International Standard Book Number | 9789742358334 |
| 041 ## - LANGUAGE CODE | |
| Language code of text/sound track or separate title | tha |
| 050 ## - LIBRARY OF CONGRESS CALL NUMBER | |
| Classification number | CT 1544 พ913 2552 |
| 100 0# - MAIN ENTRY--PERSONAL NAME | |
| Personal name | สาคร มงคล |
| 245 10 - TITLE STATEMENT | |
| Title | President One (who are you ?) สายธารความสำเร็จแห่งชีวิต |
| 260 3# - PUBLICATION, DISTRIBUTION, ETC. | |
| Place of publication, distribution, etc. | กรุงเทพฯ |
| Date of publication, distribution, etc. | 2552 |
| 300 ## - PHYSICAL DESCRIPTION | |
| Extent | 417 หน้า : |
| Other physical details | ภาพประกอบ ; |
| Dimensions | 26 ซม. |
| 650 04 - SUBJECT ADDED ENTRY--TOPICAL TERM | |
| Topical term or geographic name entry element | ผู้บริหาร -- แนวคิด |
| 650 04 - SUBJECT ADDED ENTRY--TOPICAL TERM | |
| Topical term or geographic name entry element | นักบริหาร -- แนวคิด |
| 650 04 - SUBJECT ADDED ENTRY--TOPICAL TERM | |
| Topical term or geographic name entry element | ข้าราชการ -- แนวคิด |
| 650 04 - SUBJECT ADDED ENTRY--TOPICAL TERM | |
| Topical term or geographic name entry element | นักการเมือง -- แนวคิด |
| 650 04 - SUBJECT ADDED ENTRY--TOPICAL TERM | |
| Topical term or geographic name entry element | นักธุรกิจ -- แนวคิด |
| 850 ## - HOLDING INSTITUTION | |
| Holding institution | NALT |
| 942 ## - ADDED ENTRY ELEMENTS (KOHA) | |
| Koha item type | General Book |
| Koha issues (borrowed), all copies | 1 |
| 997 ## - | |
| -- | 36519 ฉ.1 /36520 ฉ.2 |
| 997 ## - | |
| -- | 000000000060207 |
| 998 ## - LOCAL CONTROL INFORMATION (RLIN) | |
| -- | นางสาวชัชฎา จูฑะรักษ์ |
| Withdrawn status | Lost status | Damaged status | Not for loan | Collection code | Home library | Current library | Source of acquisition | Cost, normal purchase price | Total Checkouts | Full call number | Barcode | Date last seen | Copy number | Cost, replacement price | Price effective from | Koha item type | Date last checked out | Source of classification or shelving scheme | Shelving location | Date acquired |
|---|---|---|---|---|---|---|---|---|---|---|---|---|---|---|---|---|---|---|---|---|
| General Book collection | National Assembly Library of Thailand | National Assembly Library of Thailand | จัดซื้อทรัพยากร | 369.00 | CT 1544 พ913 2552 | 3961179891 | 09/06/2017 | ฉ. 2 | 419.00 | 09/06/2017 | General Book | |||||||||
| General Book collection | National Assembly Library of Thailand | National Assembly Library of Thailand | จัดซื้อทรัพยากร | 369.00 | 1 | CT 1544 พ913 2552 | 3961179889 | 01/12/2017 | ฉ. 1 | 419.00 | 09/06/2017 | General Book | 17/11/2017 | |||||||
| Senate | National Assembly Library of Thailand | National Assembly Library of Thailand | CT 1544 พ913 2552 | 0100005742001 | 08/07/2022 | 13/01/2022 | General Book | Library of Congress Classification | General Book shelves | 13/01/2022 |
